000 00391nam a2200133Ia 4500
008 151001s9999||||xx |||||||||||||| ||und||
100 _aआनंद घैसास
245 _aयुवा विज्ञान कुतूहल
250 _a6
260 _bमनोविकास प्रकाशन पुणे
260 _c२०१३
300 _a74
365 _b22
999 _c1002135
_d1002132